Az árvízi fogadalom és a kultuszminiszter díszpolgársága a közgyűlés szerdai ülésén
Elmentve itt :
| Dokumentumtípus: | Cikk |
|---|---|
| Megjelent: |
1930-10-23
|
| Sorozat: | Délmagyarország
6 No. 230 |
| Kulcsszavak: | Politikai élet Szeged 1930, 1879-es nagyárvíz |
| Online Access: | http://dmarchiv.bibl.u-szeged.hu/63921 |
| LEADER | 00498nab a2200145 i 4500 | ||
|---|---|---|---|
| 001 | delm63921 | ||
| 005 | 20180927151346.0 | ||
| 008 | 180927s1930 hu o 0|| hun d | ||
| 040 | |a SZTE Délmagyarország Archívum |b hun | ||
| 041 | |a hun | ||
| 245 | 0 | 3 | |a Az árvízi fogadalom és a kultuszminiszter díszpolgársága a közgyűlés szerdai ülésén |h [elektronikus dokumentum] |
| 260 | |c 1930-10-23 | ||
| 300 | |a 4 | ||
| 490 | 0 | |a Délmagyarország |v 6 No. 230 | |
| 695 | |a Politikai élet Szeged 1930, 1879-es nagyárvíz | ||